000 00803nam a2200277Ia 4500
003 OSt
005 20220912150944.0
006 a|||||r|||| 00| 0
007 ta
008 220909b |||||||| |||| 00| 0 eng d
024 _a53867
037 _cTextual
040 _aCSL
_beng
_cCSL
041 _aeng
082 _aK871:5, K3
100 _aGlassow J P
245 0 _aDistribution and abundance of tests
260 _aOxford
_bPergamon press
_c1963
300 _axi, 241p.
_ccm. ill
490 _aInternational series of monographs on pure and applied biology, zoology division; 20
500 _aAppendix p.
_ccm.198-202; References p.
_ccm.203-217.
650 _a Diptera
650 _aZoology
942 _hK871:5, K3
_cTEXL
_2CC
999 _c58115
_d58115